[Event "Kfar Sava"]
[Site "Kfar Sava"]
[Date "1996.??.??"]
[Round "?"]
[White "Lev, Ronen"]
[Black "Alterman, Boris"]
[Result "0-1"]
[WhiteElo "2480"]
[BlackElo "2590"]
[Annotator "Alterman,B"]
[PlyCount "104"]
[EventDate "1996.??.??"]
[EventType "game"]
[EventRounds "3"]
[EventCountry "ISR"]
[SourceTitle "CBM 055"]
[Source "ChessBase"]
[SourceDate "1996.12.01"]
[SourceVersion "1"]
[SourceVersionDate "1996.12.01"]
[SourceQuality "1"]

1. d4 Nf6 2. Nf3 e6 3. c4 Bb4+ 4. Nbd2 b6 5. a3 Bxd2+ 6. Bxd2 Bb7 7. Bg5 h6 8.
Bh4 d6 9. e3 Nbd7 10. Nd2 c5 11. Be2 $1 O-O 12. O-O Rc8 13. b4 $14 Re8 $1 14.
Qa4 $6 (14. Qb3 $1 $14 Qc7 15. Rac1) 14... Qc7 15. Bg3 cxd4 $1 16. exd4 e5 $10
17. dxe5 Nxe5 $1 18. Rfe1 Re6 19. Bf1 Rce8 20. Rac1 Bc6 21. Qb3 Nh5 22. Bxe5
Rxe5 (22... dxe5 $6 23. c5 b5 24. Ne4 $16) 23. Rxe5 dxe5 $5 (23... Rxe5 24. Nf3
Bxf3 25. Qxf3 Nf6 $10) 24. c5 b5 25. Re1 Nf6 26. Qc3 (26. Qg3 $1 a6 $13) 26...
a6 27. Nb3 Nd5 28. Qb2 e4 $132 29. Na5 Bd7 30. Qd4 Nf6 31. h3 (31. Rd1 $1 Ng4 (
31... Bg4 $1 32. Qd6 Qc8 33. Rd4 Qf5 34. Nc6 Kh8 35. Ne7 Qg5 36. Nd5 Nxd5 37.
Rxd5 f5 $40) 32. Qd6 $16) 31... Re5 32. c6 Be6 33. a4 Rd5 34. Qc3 $2 (34. Qe3
$8) 34... Rg5 $17 35. axb5 axb5 36. Kh1 Nd5 37. Qd4 e3 $3 38. Re2 (38. fxe3 Qg3
39. Qd2 Bxh3 $19) (38. Rxe3 Nxe3 39. Qxe3 Qd6 $19) 38... Rf5 $1 39. Kg1 Rf4 40.
Qc5 Rxb4 41. Nb7 Rc4 $19 42. Qd6 Rxc6 43. Qd8+ Qxd8 44. Nxd8 Rc3 45. Re1 b4 46.
Nxe6 fxe6 47. Rb1 Rc2 48. fxe3 Nxe3 49. Bb5 Nd5 50. Bd7 Kf7 51. Re1 Nc7 52. Ba4
Rb2 0-1

[Event "Linares 09th"]
[Site "Linares"]
[Date "1991.??.??"]
[Round "4"]
[White "Beliavsky, Alexander G"]
[Black "Ljubojevic, Ljubomir"]
[Result "0-1"]
[WhiteElo "2640"]
[BlackElo "2590"]
[Annotator "Anand,V"]
[PlyCount "78"]
[EventDate "1991.02.??"]
[EventType "tourn"]
[EventRounds "13"]
[EventCountry "ESP"]
[EventCategory "17"]
[SourceTitle "CBM 022"]
[Source "ChessBase"]
[SourceDate "1991.06.01"]
[SourceVersion "1"]
[SourceVersionDate "1991.06.01"]
[SourceQuality "1"]

1. d4 Nf6 2. c4 e6 3. g3 Bb4+ 4. Bd2 a5 5. Bg2 d5 6. Nf3 Nc6 7. Qc2 dxc4 8.
Qxc4 Qd5 9. Qd3 Qe4 10. Qxe4 Nxe4 11. Bxb4 Nxb4 12. O-O $1 f6 (12... Nc2 $2 13.
Ne1 Nxa1 14. Bxe4 $18) 13. Rc1 c6 14. Nc3 Nd6 15. e4 {Black's position looks
terrible but without queens it is quite resilient} Ke7 16. a3 Na6 17. e5 (17.
Re1 $1) 17... Nf7 18. exf6+ gxf6 19. Re1 Nc7 20. Nh4 (20. Nd2 Rd8 $132) 20...
Kf8 21. Ne2 Nd6 22. Nf4 Bd7 23. Bh3 Kf7 24. Rac1 {/\ d5} Rhe8 25. Bg4 (25. d5
Nxd5 26. Nxd5 cxd5 27. Rc7 Rad8) 25... Re7 26. Bh5+ Kf8 27. Bg4 Kf7 28. Re2 Rd8
29. Rce1 Rg8 30. h3 (30. Nf5 Nxf5 31. Bxf5 Rg7) (30. Bf5 $5) 30... Rg5 31. Nf3
Rb5 32. d5 {Diagrama 1} cxd5 33. Nd4 e5 34. Nxb5 (34. Bxd7 Rxd7 35. Nxb5 Ndxb5
36. Ng2 Nd4 $17) 34... Ndxb5 35. Bh5+ Kf8 36. Nd3 Nd4 37. Rd2 Bxh3 $44 38. f4
Nb3 39. Rc2 e4 {White lost on time: 2:00-1:59} 0-1

[Event "Las Palmas"]
[Site "Las Palmas"]
[Date "1993.??.??"]
[Round "9"]
[White "Khalifman, Alexander"]
[Black "Jussupow, Artur"]
[Result "1-0"]
[WhiteElo "2630"]
[BlackElo "2645"]
[Annotator "Anand,V"]
[PlyCount "79"]
[EventDate "1993.06.??"]
[EventType "tourn"]
[EventRounds "9"]
[EventCountry "ESP"]
[EventCategory "16"]
[SourceTitle "CBM 036"]
[Source "ChessBase"]
[SourceDate "1993.10.01"]
[SourceVersion "1"]
[SourceVersionDate "1993.10.01"]
[SourceQuality "1"]

1. Nf3 {Khalifman Dautov} Nf6 2. d4 e6 3. c4 Bb4+ 4. Bd2 a5 5. Nc3 b6 6. Bg5 (
6. e3 Bb7 7. Bd3 d6 8. Qc2 Nbd7 9. e4 e5 10. O-O O-O 11. Nd5 Bxd2 12. Qxd2 Re8
13. Rfe1 {Kasparov-Tal Niksic 1983. After an intructive battle the game
finished in a draw.}) (6. e3 {Dautov}) (6. g3 {Dautov} Ba6 $1 7. b3 d5 $10)
6... Bb7 7. e3 {Black has gained the move a7-a5 in a well-known opening. It's
not clear who benefits from this} d6 (7... h6 8. Bh4 g5 (8... Bxc3+ {Khalifman}
9. bxc3 d6 10. Nd2 $14) 9. Bg3 Ne4 10. Qc2 (10. Nd2 {Dautov} Bxc3 11. bxc3 Nxg3
12. hxg3 d6 13. Rh2 Nd7 14. g4 Qe7 15. Be2 O-O-O 16. Bf3 $14 {
Vladimirov-Kiselev/Barnaul/1988}) 10... d6 11. Bd3 Bxc3+ 12. bxc3 f5 13. d5 Nc5
14. h4 g4 15. Nd4 {The pawn on a5 seems to have no discernible effect on the
position.}) 8. Bd3 (8. Nd2 {Khalifman} e5 $13) 8... Nbd7 9. Qc2 Qe7 (9... h6
10. Bh4 e5 (10... Qe7 {Dautov} 11. e4 Bxc3+ 12. bxc3 g5 13. Bg3 Nh5 $132) 11.
Bf5 $1 $14) 10. e4 (10. O-O-O $5 {Khalifman}) 10... c5 (10... e5 11. O-O Bxc3 (
11... exd4 12. Nd5 $1 $16) 12. bxc3 $14) (10... Bxc3+ {Dautov >=} 11. bxc3 h6
12. Be3 $6 (12. Bh4) 12... e5 $10) 11. O-O cxd4 12. Nxd4 Rc8 (12... h6 13. Bh4
g5 14. Bg3 Nh5 (14... Bxc3 $2 15. Qxc3 $1 Nxe4 16. Bxe4 Bxe4 17. Nxe6 $1) 15.
Ndb5 Nxg3 16. hxg3 $14) 13. Ndb5 $1 h6 (13... Ne5 {Dautov} 14. Na4 $1 Qd8 $6 (
14... Nxd3 15. Bxf6 Qxf6 16. Qxd3 $16) 15. Bxf6 gxf6 16. a3 Bc5 17. Nxc5 Rxc5
18. f4 $16) 14. Bf4 $1 (14. Bh4 {Dautov} Ne5 15. Na4 g5 16. Bg3 Nxd3 17. Qxd3
Nxe4 18. Nxb6 Rd8 19. a3 Bc5 20. Na4 $13) 14... e5 (14... Ne5 15. a3 (15. Bxe5
dxe5 16. a3 Bc5 17. Na4 O-O 18. Nxc5 Qxc5 $132) 15... Bxc3 (15... Bc5 16. Rab1)
16. Qxc3 (16. Nxc3 O-O) 16... Nfd7 (16... Bxe4 {Dautov} 17. Bxe5 dxe5 18. Bxe4
Nxe4 19. Qxe5 $16)) (14... O-O {Khalifman} 15. a3 Nh5 $13) 15. Bd2 Nc5 16. a3
Bxc3 17. Nxc3 O-O 18. f3 $1 Nh5 $6 (18... Ba6 $5 19. Be2 (19. b3 a4 $1 20. Nxa4
Nxa4 21. bxa4 Nd7 $44) 19... Ne6 20. b3 Nd4 21. Qd1 $14) (18... Nxd3 {Dautov}
19. Qxd3 Ba6 20. b3 $16) 19. Rf2 $1 $16 Nf4 20. Bf1 (20. Bxf4 $2 {Dautov} exf4
21. Rd1 Qe5 22. Bf1 Bc6 23. Rfd2 Rcd8 $14) 20... Nfe6 21. Be3 {Black's knight
maneouvre has has little effect. Now White can start applying pressure on
Black's queenside.} Nd4 {Seems to lose by force but Black was suffering anyway}
(21... Rfd8 {Dautov} 22. Rd1 $16 {/\Rfd2,b4,><d6,b6}) 22. Bxd4 exd4 23. Nb5 Qe5
24. Rd1 Ne6 25. Qd2 Ba6 26. f4 $1 (26. Nxd4 {Khalifman} Bxc4 $13) 26... Qc5 (
26... Qxe4 {Dautov} 27. Nxd6 $18) 27. b4 $1 $18 axb4 28. axb4 Qc6 29. Na7 $1
Qxe4 30. Nxc8 Rxc8 31. f5 Ng5 32. Rf4 (32. Qxd4 {Dautov} Bxc4 33. Bxc4 Rxc4 34.
Qxb6 $2 Qg4 $13) 32... Qe7 (32... Qe3+ {Dautov} 33. Qxe3 dxe3 34. Rxd6 $18) 33.
Re1 Qd8 34. Rxd4 Bb7 35. Rxd6 Qc7 36. Rd7 Qb8 37. Qd6 {Efficient to the end}
Qa8 38. Qxb6 Rb8 39. Qa5 $1 Ba6 40. b5 1-0

[Event "EU-Cup 32nd"]
[Site "Novi Sad"]
[Date "2016.11.12"]
[Round "7.2"]
[White "Dubov, Daniil"]
[Black "Andreikin, Dmitry"]
[Result "1/2-1/2"]
[WhiteElo "2648"]
[BlackElo "2736"]
[Annotator "Andreikin,D"]
[PlyCount "59"]
[EventDate "2016.11.06"]
[EventType "team-swiss"]
[EventRounds "7"]
[EventCountry "SRB"]
[SourceTitle "CBM 176"]
[Source "ChessBase"]
[SourceDate "2017.01.17"]
[SourceVersion "1"]
[SourceVersionDate "2017.01.17"]
[SourceQuality "1"]
[WhiteTeam "Moscow SHSM Legacy"]
[BlackTeam "Alkaloid"]
[WhiteTeamCountry "RUS"]
[BlackTeamCountry "MKD"]

1. d4 Nf6 2. c4 e6 3. Nf3 d5 4. g3 Bb4+ 5. Bd2 Be7 6. Bg2 O-O 7. O-O Nbd7 {
The day before this game Dubov won a good game in this opening.} (7... c6 8.
Bf4 dxc4 9. Ne5 Nd5 10. Nxc4 Nxf4 11. gxf4 Nd7 12. Nbd2 Nf6 13. e3 Bd7 14. Rc1
Nd5 15. Qb3 Qc7 16. Ne5 Rfd8 17. Ne4 Be8 18. Bh3 Bf8 19. Kh1 Qe7 20. Rg1 f6 21.
Nf3 Bf7 22. Qc2 Kh8 23. Qe2 Rac8 24. a3 a5 25. Ng3 Qe8 26. f5 exf5 27. Bxf5 Rc7
28. Bb1 g6 29. Qd2 c5 30. e4 Ne7 31. Qf4 Rc6 32. d5 Rb6 33. Rxc5 Nxd5 34. Rxd5
Bxd5 35. exd5 Rxd5 36. Ba2 Rd8 37. Re1 Qc6 38. Re6 Qxe6 39. Bxe6 Rxe6 40. Qc7
Rd1+ 41. Kg2 {1-0 (41) Dubov,D (2648)-Oparin,G (2621) Novi Sad 2016}) 8. a4 $5
{A fresh idea.} ({Instead, after} 8. Bf4 dxc4 9. Qc2 Nd5 10. Qxc4 b5 $1 {
(an important move)} 11. Qc2 Bb7 $11 {Black is fine.}) 8... a5 {This typical
move stabilises the structure on the queenside.} 9. Qc2 c6 10. Bf4 {Other
possible options:} (10. Rc1 $5 Ne4 11. Be1 f5 12. Nbd2 Bd6 13. e3 Ra7 $5 14.
Qd1 g5 $5 $132) (10. Nc3 b6 11. cxd5 Nxd5 12. Nxd5 cxd5 13. Rfc1 Ba6 14. Bf4
Bb4 $11) 10... Nh5 {The normal decision.} ({But I could play more rigidly} 
10... b6 $5 11. cxd5 Nxd5 $1 (11... cxd5 $6 12. Nc3 Ba6 13. Nb5 Rc8 14. Qb3 Rc4
15. Rfc1 Rb4 16. Qc2 $36) 12. Qxc6 Ba6 13. Qc2 Rc8 14. Nc3 (14. Qd1 Nxf4 15.
gxf4 Bd6 16. Ne5 Qh4 $1 17. Nxd7 Bxf4 18. h3 Rfd8 19. Nxb6 Rb8 20. e3 Bd6 21.
Na8 Rxb2 $1 $15) 14... N7f6 15. Rfc1 Bb4 16. Bd2 Bxe2 17. Ne5 $11) 11. Bc1 f5
12. Ne5 $5 {I like this move.} ({A trivial option would be} 12. b3 Nb8 $5 13.
Ba3 Na6 14. Bxe7 Qxe7 15. Ne5 Nb4 16. Qc3 Nf6 17. Nd2 b6 18. Rfc1 Ba6 $11)
12... Bd6 (12... Nxe5 13. dxe5 g5 $5 $11 {Recommended by my computer, but too
cool for me.}) 13. Nd3 {Of course, on d3 the white knight performs many
functions.} Qe7 14. b3 Nhf6 {Probably it made sense to start with the move
b7-b6.} (14... b6 $5 15. Ba3 Ba6 16. Rc1 Rac8 $11 {Black has time for keeping
the balance on the c-file.}) 15. Ba3 Ne4 16. Bxd6 $6 {A hasty decision.} ({
After the simple} 16. Rc1 $5 {Black must play very accurately:} b6 {If Black
does not make this move, his situation will be too passive.} 17. cxd5 cxd5 18.
f3 Nef6 19. Bxd6 Qxd6 20. Na3 Ba6 21. Nb5 Bxb5 22. axb5 e5 $5 {An important
move to create counterplay.} 23. Qc6 Qe7 24. dxe5 Nxe5 25. Qxb6 Nxd3 26. exd3
Rfb8 27. Qc5 Qd7 28. b6 Qe6 29. f4 Qxb6 {I think this is easier than} (29...
Rxb6 30. Re1 Rc6 31. Qd4 Qd7 32. Re5 Rac8 33. h3 Rc5 $11 {The computer sees
equality, but it looks unpleasant to humans.}) 30. Qxb6 Rxb6 31. Rc5 g6 $5 32.
Raxa5 Rxa5 33. Rxa5 Rxb3 34. Bxd5+ Nxd5 35. Rxd5 Rb1+ 36. Kg2 Rb2+ 37. Kh3 h6
$11) 16... Qxd6 17. Nd2 $5 {Interesting idea.} ({After the slow} 17. e3 b6 18.
Nd2 Ba6 19. Rfd1 Rac8 20. Nf3 c5 $11 {Black is ok.}) 17... Nxd2 18. Qxd2 (18.
c5 Qe7 19. Qxd2 e5 $11 {a comfortable position for Black.}) 18... dxc4 {
The sacrifice is accepted. It is better to play with an extra pawn, than in a
passive position.} 19. Nb2 {White has a lot of options, but I think the black
position is slightly better everywhere.} (19. bxc4 Qxd4 20. e3 Qf6 21. c5 e5
22. e4 f4 23. Rfe1 g5 24. Qc3 $11) (19. Qf4 Qxf4 20. Nxf4 e5 21. dxe5 Nxe5 22.
bxc4 Nxc4 $15) (19. Nc1 e5 20. bxc4 Qxd4 21. Qxd4 exd4 22. Nb3 Ne5 23. Nxd4
Nxc4 24. Rfc1 $11) 19... cxb3 20. Qe3 (20. Nc4 Qb4 21. Qxb4 axb4 22. Rfb1 e5
23. Rxb3 exd4 24. Rxb4 $11) 20... Nb6 ({There is also the interesting} 20...
Nf6 $5 21. Rfd1 b6 22. Nc4 (22. Qxb3 Ba6 23. Qxb6 Nd5 24. Qb3 Bxe2 $15) 22...
Qb4 23. Ne5 Nd5 24. Bxd5 b2 $5 25. Rab1 exd5 26. Nxc6 Qxa4 27. Ne7+ Kh8 28.
Nxd5 Qc6 29. Nf4 b5 $15 {A difficult position, but the black a- and b-pawns
look very dangerous for White.}) 21. Rfd1 Qb4 22. Nd3 {An ambitious move.
White could easily win the b3-pawn and then simplify the position.} (22. Rd3
Nc4 23. Nxc4 Qxc4 24. Rxb3 (24. Rc3 $2 b2 $1 $17) 24... Rd8 25. Rd3 Qb4 $11 {
The position looks very safe for both sides.}) 22... Nc4 23. Qf4 Qb6 24. Qc1 $2
{This move changes the logical course of the game.} ({After the correct} 24.
Rab1 Na3 25. Rb2 Nc4 26. Rbb1 $11 {we get a natural draw.}) 24... Qxd4 ({After
} 24... b2 $6 25. Nxb2 Nxb2 26. Rb1 Qb4 27. Rxb2 Qxa4 28. Rd3 $1 {the black
queen is trapped!}) 25. Rb1 Ne5 26. Nc5 Qc4 27. Qa3 $2 {Provocation to repeat
moves :)} ({After} 27. Qxc4 Nxc4 28. Rxb3 Ra7 29. e4 $15 {White has a good
chance to make a draw. The white pieces are very active and this compensates
for the lack of material. Possible continuation:} b6 30. Bf1 bxc5 31. Bxc4 fxe4
32. Rb6 $15 {and the black pawns are very weak.}) 27... Qb4 $2 {Unfortunately
I had little time and counted only on queen moves:} (27... Qxe2 28. Qxb3 Ng4
29. Nd3 Nf6 30. Nf4 Qe5 31. Re1 Ne4 32. Qc4 $15) (27... Qc2 28. f4 Ng4 29. Bf3
e5 30. Rdc1 Qa2 31. Qxb3+ Qxb3 32. Rxb3 $15 {I was not too impressed by these
options; besides, our team had the better position and a draw on my board gave
us an excellent chance for overall victory in the tournament.}) ({Maybe that's
why I did not see} 27... f4 $1 {The black rook on f8 comes into play and this
is more important than the e4-square. My analysis shows that Black has a big
advantage in all variations:} 28. Rxb3 (28. Nd3 Nxd3 29. Rxd3 e5 30. Qxb3 Qxb3
31. Rbxb3 Bf5 32. Rdc3 $17) (28. Rb2 Ra7 $1 29. Nxb3 b6 30. Rc1 fxg3 $5 31.
hxg3 Qg4 $17) (28. Ne4 Qxe2 29. Qxb3 Qh5 30. Nd6 fxg3 31. Qxg3 Ng6 $17) 28...
fxg3 29. Rxg3 (29. fxg3 Qxe2 30. Qc1 Ra7 $5 31. Re1 Qc4 $19) 29... Qxe2 30. Rf1
Ng6 31. Nd3 e5 $19) 28. Qc1 Qc4 29. Qa3 Qb4 ({The last chance for} 29... f4 $1
$17) 30. Qc1 $11 {A few hours later our team celebrated the first place.
"All's well that ends well".} 1/2-1/2

[Event "Kazan clock sim"]
[Site "Kazan"]
[Date "2013.03.27"]
[Round "1.1"]
[White "Atalik, Suat"]
[Black "Makhmutov, Rail"]
[Result "1-0"]
[WhiteElo "2600"]
[BlackElo "2356"]
[Annotator "Atalik,S"]
[PlyCount "75"]
[EventDate "2013.03.27"]
[EventType "simul"]
[EventRounds "1"]
[EventCountry "RUS"]
[SourceTitle "EXT 2014"]
[Source "ChessBase"]
[SourceDate "2013.11.20"]
[SourceVersion "1"]
[SourceVersionDate "2013.11.20"]
[SourceQuality "1"]

1. d4 Nf6 2. c4 e6 3. g3 d5 (3... c5 $145 4. d5 exd5 5. cxd5 d6 6. Nc3 g6 7.
Nf3 Bg7 8. Bg2 O-O 9. O-O Re8 {The variation g3 Benoni results very well for
Black these days.}) 4. Bg2 Bb4+ 5. Bd2 (5. Nc3 O-O 6. Nf3 dxc4 7. O-O Nc6 $1)
5... Be7 (5... Bxd2+ 6. Qxd2 $1) 6. Nf3 O-O 7. O-O c6 8. Qc2 (8. Bf4 $5 dxc4 9.
Ne5 Nd5 10. Nxc4 Nxf4 11. gxf4 Nd7 12. Nc3 Nb6 13. Ne5 f6 14. Nf3 Nd5 15. e3
Bd7 $13) 8... Nbd7 9. Rd1 b6 (9... b5 10. c5) 10. b3 $5 (10. Bf4 Bb7 11. Ne5
Nh5 12. Bd2 Nhf6 13. cxd5 cxd5 14. Nc6 Bxc6 15. Qxc6 Rc8 16. Qb5 Ne8 $11 {
Caruana-Adams,Zuerich 2013.}) 10... Bb7 {People do not prefer this in general.}
(10... Ba6 $142 11. Bf4 Rc8 12. Nc3 $5 dxc4 13. e4 Qe8 (13... h6 14. Ne2 cxb3
15. axb3 Bxe2 16. Qxe2 a5 17. Nd2 b5 18. Nf1 $44) (13... Re8 14. Nd2 b5 15.
bxc4 bxc4 16. Bf1 $44) (13... b5 14. bxc4 bxc4 15. d5 cxd5 16. exd5 exd5 17.
Nxd5 Nxd5 18. Rxd5 $44) (13... Bb4 14. Nd2 Qe7 (14... c5 15. d5) 15. Nxc4 Bxc4
16. bxc4 e5 17. dxe5 Nxe5 18. Ne2 $13) 14. Nb1 (14. Ne2 cxb3 15. axb3 Bxe2 16.
Qxe2 a5 17. Nd2 $44) 14... b5 15. bxc4 bxc4 16. Nc3 Bb4 17. Na4 $44) 11. Nc3 c5
12. cxd5 Nxd5 (12... exd5 $13 13. Be3 $5) 13. Nxd5 Bxd5 $146 {A logical
capture strangely never seen so far!} (13... exd5 $13 14. Be3 Rc8 15. Qb2 Bf6
16. Rac1 Re8 17. Bh3 a5 $132) 14. dxc5 $6 (14. e4 $1 Bb7 15. Bf4 (15. d5 exd5
16. exd5 Bxd5 (16... Bf6 17. Rac1 Bxd5 18. Ng5 Bxg5 19. Bxd5 Bxd2 20. Rxd2 Rc8
21. Be4 g6 22. Rcd1 Rc7 23. Bf5 gxf5 24. Qxf5 Qf6 25. Qg4+ Qg7 26. Qxg7+ Kxg7
27. Rxd7 Rfc8) 17. Bc3 $44) (15. Be3 cxd4 16. Nxd4 Rc8 17. Qe2 Qe8 $132) 15...
cxd4 16. Nxd4 Rc8 (16... e5 17. Nc6 Bxc6 18. Qxc6 $16) 17. Qe2 Qe8 $13 (17...
e5 $2 18. Nf5 exf4 19. Qg4 $18) 18. Nb5 Ba6 19. a4 Nc5 20. Qg4 Nxb3 21. Rab1
Bxb5 22. axb5 Na5 23. e5 $44) 14... Nxc5 (14... Bxc5 15. Ng5) 15. Bf4 Rc8 16.
Qb2 Qe8 $6 ({Black could have equalised immediately with} 16... Bf6 $142 17.
Be5 (17. Ne5 $2 Qe7 18. Bxd5 exd5 19. Rxd5 Rfe8 $19) 17... Nd7 18. Bxf6 Qxf6
19. Qxf6 Nxf6 $11) 17. Rac1 Bf6 (17... f6 $5) 18. Be5 Bxe5 19. Nxe5 Bxg2 20.
Kxg2 Qb5 $1 21. Nc4 Rfd8 22. f3 Qc6 23. Rd4 Rxd4 24. Qxd4 h6 (24... Qd7 $5 25.
Qxd7 Nxd7 26. Rd1 Nf6 27. e4 $14) 25. Ne5 Qe8 26. Rd1 (26. b4 Na4 27. Rc4 $36)
26... a5 $2 {This weakens b6.} (26... Rc7 $5) 27. Nc4 $1 {and I have
immediately made use of it.} Qb5 28. Rd2 $1 (28. Qd6 a4 29. Qxb6 Qxb6 30. Nxb6
Rc6 31. Nxa4 Nxa4 32. bxa4 Rc2 33. Kf2 Rxa2 34. Rd8+ Kh7 35. Ra8 g5 $132) 28...
Rf8 29. e4 Qb4 30. Ne5 Qxd4 31. Rxd4 $16 b5 32. Kf2 f6 (32... Rc8 33. Rd6 Kf8
34. Ke3 f6 (34... Ke8 35. Rc6 Rxc6 36. Nxc6) 35. Rc6 Rxc6 36. Nxc6 a4 37. bxa4
$1 bxa4 (37... Nxa4 38. Na7 Nc3 39. a3 Ke7 40. Kd3 $18) 38. Kd4 $18 {should
also be lost!}) 33. Nc6 Ra8 $2 {The final mistake.} (33... b4 $142 34. Rc4 Nb7
35. Nd4 e5 36. Nf5 Rf7 37. Rc8+ Kh7 38. Ne3 $16 {is very bad for Black with
all the weaknesses.}) 34. Ke3 Ra6 35. Rd8+ Kh7 36. Nd4 b4 37. Rc8 Nb7 38. Rc6
$1 {His resignation may seem early but his Queenside falls.} (38. Rc6 $1 Rxc6
39. Nxc6 e5 40. Kd3 g5 41. g4 $5 (41. Kc4 Nd6+ 42. Kd5 Nb5 43. Nxa5 Nc3+ 44.
Kc4 Nxa2 45. Nc6 g4 46. fxg4 Nc3 47. Kd3 Na2 48. Ne7) 41... h5 42. h3 Nc5+ 43.
Kc4 Ne6 44. gxh5 Kh6 45. Nxa5 Kxh5 46. Nc6 $18) 1-0

[Event "Bundesliga 0001"]
[Site "Germany"]
[Date "2000.10.14"]
[Round "1.3"]
[White "Atalik, Suat"]
[Black "Speelman, Jonathan S"]
[Result "1/2-1/2"]
[WhiteElo "2549"]
[BlackElo "2623"]
[Annotator "Atalik,S"]
[PlyCount "91"]
[EventDate "2000.10.14"]
[EventType "team-tourn"]
[EventRounds "15"]
[EventCountry "GER"]
[SourceTitle "CBM 078 Extra"]
[Source "ChessBase"]
[SourceDate "2000.11.10"]
[SourceVersion "1"]
[SourceVersionDate "2000.11.10"]
[SourceQuality "1"]
[WhiteTeam "Neukoelln"]
[BlackTeam "Luebeck"]
[WhiteTeamCountry "GER"]
[BlackTeamCountry "GER"]

1. d4 Nf6 2. c4 e6 3. Nf3 Bb4+ 4. Bd2 a5 5. g3 (5. Nc3 $5 b6 6. Bg5 $5) 5... d5
6. Qc2 Nc6 7. Bg2 (7. a3 Be7 8. Bg2 dxc4 9. Qxc4 Qd5 10. Qd3 Qe4 $13) 7... dxc4
8. Qxc4 Qd5 9. Qd3 O-O (9... Qe4 10. Qxe4 Nxe4 11. Bxb4 $1 Nxb4 12. Na3 $14)
10. Nc3 Qh5 11. h3 $5 (11. Nh4 $5 {Speelman} e5 12. d5 e4 (12... Rd8 13. e4 Nd4
$13) 13. Bxe4 (13. Nxe4 Nxd5 14. Qxd5 Qxd5 15. Nf6+ gxf6 16. Bxd5 Bxd2+ 17.
Kxd2 Rd8 $17) 13... Rd8 $1 14. Rd1 (14. O-O Bg4 $5 (14... Bxc3 15. Bxc3 Nxe4
16. Qxe4 Qxd5 17. Qxd5 Rxd5 18. Rfd1 Be6) 15. f3 Be6 $40) (14. O-O-O Bxc3 15.
Bxc3 Nb4 16. Bxb4 axb4 $40) (14. Bf3 Ne5 15. Bxh5 Nxd3+ 16. exd3 Nxh5 17. Nb5
c6 $1 $36) 14... Ne5 (14... Nxe4 $6 15. Qxe4 Ne7 16. Nb5 Rxd5 (16... Qxd5 17.
Qxd5 Nxd5 18. Bxb4 axb4 19. Nxc7 $18) 17. Nxc7 Rxd2 18. Rxd2) 15. Qc2 Bh3 16.
a3 Bc5 $8 $44) 11... Rd8 12. g4 Qg6 13. Qxg6 hxg6 14. e3 (14. a3 Bd6 (14... Bf8
$6 15. Nb5 Ne8 16. Bf4 Rd5 17. Nxc7 Nxc7 18. Bxc7 Rb5 19. Ra2 $1 {Speelman} e5
20. a4 (20. dxe5 Be6 21. Ra1 Rc8 22. Bd6 Bxd6 23. exd6 Rxb2))) 14... a4 15. a3
(15. Nb5 Ra5 16. Na3 Ne4 17. Bxb4 Nxb4 18. Ne5 Nd6 $11) 15... Bf8 16. Rd1 $5 (
16. g5 Ne8 17. h4 Na5) 16... Na5 17. g5 Nd7 18. h4 Nb3 19. Ne4 b6 20. Bc3 (20.
h5 gxh5 21. Rxh5 g6 22. Rh4 Bg7 23. Bc3 Bb7) 20... Bb7 21. Nfd2 (21. Nh2 $6 c5
22. Nf6+ gxf6 23. Bxb7 Ra7 24. Bc6 cxd4 25. exd4 f5 $36) 21... Nxd2 22. Rxd2
Bd5 (22... Rab8 $142 23. O-O $11) 23. f4 Rab8 24. Ng3 $1 (24. Bf3 c5 25. h5
cxd4 26. Bxd4 Nc5 27. Bxc5 Bxc5 $11) 24... Bxg2 25. Rxg2 b5 26. h5 b4 $132 27.
axb4 Bxb4 28. Bxb4 $2 (28. Ne4 a3 29. bxa3 Bxc3+ 30. Nxc3 Rb3 31. Rc2 c5 $1 (
31... gxh5 32. a4 g6 33. Ke2 Ra3 34. Ne4 $16) 32. hxg6 fxg6 33. dxc5 Nxc5 34.
Ke2 e5 $1 35. fxe5 Rd3 36. Nd1 Rd5 $11) 28... Rxb4 29. hxg6 fxg6 30. Rgh2 $1 (
30. Rc2 Rdb8 (30... Nb6 $6 31. Ke2 Nc4 (31... Nd5 32. Ra1 Rdb8 33. Kf3) 32.
Rhc1) 31. Rhh2 Nb6 32. Ne4 Nc4 $40) 30... Rdb8 $1 31. Rh8+ Kf7 32. Rxb8 Rxb8
33. Rh2 Rb3 (33... Nb6 34. Rc2 Nd5 35. e4 $1 Nxf4 36. Rf2 e5 37. dxe5 Rxb2 38.
Rxf4+ Ke6 39. Rf3 Rb3 $1 40. Rxb3 axb3 41. Kd2 c5 42. Kc3 c4 43. Nf1 Kxe5 44.
Nd2 b2 $1 $11) (33... c5 34. Rc2 cxd4 35. exd4 Nb6 36. Ne2 Nd5 37. Kd2 Rb3 38.
Nc1 Rh3 39. Nd3 Rh2+ $11) 34. Rc2 $1 $11 Rxe3+ 35. Ne2 Nb6 36. Rxc7+ Kf8 37.
Rc3 Rxc3 {Draw offer.} 38. Nxc3 Ke7 39. Ke2 Kd6 40. Kf3 Kc6 41. Ke4 Kd6 42.
Nb5+ (42. Nd1 Kd7 (42... Nc4 43. Kd3 a3 44. bxa3 Nxa3 45. Nc3 Kc6 46. Nd1 Nb5
47. Ne3 Kd6 48. Kc4 Kc6 49. Ng4 Nd6+ 50. Kd3 Nf5 51. Ke4 Kd6 $11) 43. Ne3 Kd6
$11) 42... Kc6 43. Nc3 Kd6 44. Nb5+ Kc6 45. Na3 Kc7 (45... Kd7 46. Ke5 Ke7 47.
Ke4 Kd7 $11) 46. Nb5+ 1/2-1/2